00670nam a22001935i 4500001000700000003000900007005001700016008004100033040003000074110004000104245006000144260006200204300002200266650003600288650001500324700001500339752002400354852009800378160435ES-MaACL20230906212032.0000728s1867 fr |||| | fre d aCCPB | B bspa cCCPB | B2 aMusée de la Renaissance (París)10aNotice de la verrerie et des vitraux / cpar A. Sauzay. aParis : b[s.n.], c1867 (fCharles de Mourgues Frères) a148 p. ; c23 cm. 4aMuseos-zFrancia-vCatálogos. 4aVidrieras.11aSauzay, A. aFrancia - dParís aES-MaACLjD-1786 z-- Enc. hol. x-- Edic.: Consta la serie: Musee de la Renaissance, Serie F